000 00233 a2200097 4500
001 46074
100 _aJames R
245 _aWinston's Churchill his complete speeches
260 _aNew York
_bChelsea House
_c
090 _c29177
_d29177
942 _aNUST-CAE
_cM
_c21310
999 _c281147
_d281147